[Event "POL ch 44"]
[Site "Wroclaw"]
[Date "1987.??.??"]
[Round "11"]
[White "Matlak, Marek"]
[Black "Stempin, Pawel"]
[Result "1-0"]
[WhiteElo "2390"]
[BlackElo "2415"]
[PlyCount "105"]
[EventDate "1987.??.??"]
[Source "Polbase"]
[SourceDate "1999.10.27"]

1. Nf3 Nf6 2. c4 b6 3. d4 e6 4. g3 Ba6 5. Qa4 Bb7 6. Bg2 c5 7. O-O cxd4 8. Nxd4
Bxg2 9. Kxg2 Be7 10. Rd1 Qc7 11. f3 a6 12. Nc3 Qb7 13. e4 O-O 14. Bf4 d6 15.
Nde2 Rd8 16. Rd2 Ne8 17. Rad1 Nd7 18. e5 b5 19. cxb5 d5 20. Nd4 axb5 21. Qxb5
Qxb5 22. Ncxb5 Rdc8 23. b3 g5 24. Be3 Nxe5 25. a4 Nd7 26. Rc2 Rxc2+ 27. Nxc2 f6
28. Ncd4 Bc5 29. Bf2 Kf7 30. Nc6 Bxf2 31. Kxf2 Nc5 32. Rb1 e5 33. a5 Ke6 34. b4
Nb7 35. Nba7 Nc7 36. b5 Nxa5 37. b6 Nxc6 38. Nxc6 Kd7 39. b7 Kxc6 40. b8=Q Rxb8
41. Rxb8 Kd6 42. Rh8 d4 43. Rxh7 Nd5 44. h4 gxh4 45. gxh4 f5 46. h5 d3 47. h6
e4 48. fxe4 fxe4 49. Rg7 e3+ 50. Kf3 e2 51. Kf2 Ne3 52. Rg1 e1=Q+ 53. Kxe1 1-0

[Event "POL ch 44"]
[Site "Wroclaw"]
[Date "1987.??.??"]
[Round "11"]
[White "Staniszewski, Piotr"]
[Black "Kuligowski, Adam"]
[Result "1/2-1/2"]
[WhiteElo "2420"]
[BlackElo "2400"]
[PlyCount "61"]
[EventDate "1987.??.??"]
[Source "Polbase"]
[SourceDate "1999.10.27"]

1. d4 Nf6 2. c4 c5 3. d5 b5 4. Nf3 Bb7 5. Nfd2 b4 6. e4 e5 7. f4 Qe7 8. fxe5
Qxe5 9. Bd3 d6 10. Nf3 Qe7 11. O-O Nbd7 12. Bf4 Ng4 13. a3 a5 14. axb4 cxb4 15.
Qa4 Kd8 16. Qb5 Nc5 17. Rxa5 Rxa5 18. Qxa5+ Kc8 19. Bc2 b3 20. Nc3 bxc2 21. Nb5
Nd3 22. Bg5 f6 23. Nfd4 Nge5 24. Qb6 fxg5 25. Na7+ Kb8 26. Nac6+ Nxc6 27. Nxc6+
Kc8 28. Rxf8+ Qxf8 29. Na7+ Kb8 30. Nc6+ Kc8 31. Na7+ 1/2-1/2

[Event "POL ch 44"]
[Site "Wroclaw"]
[Date "1987.??.??"]
[Round "12"]
[White "Bany, Jerzy"]
[Black "Matlak, Marek"]
[Result "0-1"]
[WhiteElo "2430"]
[BlackElo "2390"]
[PlyCount "38"]
[EventDate "1987.??.??"]
[Source "Polbase"]
[SourceDate "1999.10.27"]

1. d4 d5 2. c4 e6 3. Nf3 c6 4. e3 f5 5. Nc3 Nf6 6. Bd3 Bd6 7. Qc2 Ne4 8. Nd2
O-O 9. b3 Bd7 10. g3 e5 11. dxe5 Bxe5 12. Bb2 Qf6 13. Rc1 Na6 14. a3 Nac5 15.
cxd5 Nxf2 16. Kxf2 f4 17. Nce4 fxg3+ 18. Kg2 Nxe4 19. Rcf1 Qf2+ 0-1

[Event "POL ch 44"]
[Site "Wroclaw"]
[Date "1987.??.??"]
[Round "12"]
[White "Dejkalo, Stefan"]
[Black "Hawelko, Marek"]
[Result "1/2-1/2"]
[WhiteElo "2395"]
[BlackElo "2460"]
[PlyCount "103"]
[EventDate "1987.??.??"]
[Source "Polbase"]
[SourceDate "1999.10.27"]

1. d4 Nf6 2. c4 e6 3. Nf3 b6 4. g3 Bb7 5. Bg2 Be7 6. Nc3 O-O 7. Qc2 d5 8. cxd5
exd5 9. O-O c5 10. Rd1 Nbd7 11. Bf4 Rc8 12. Rac1 a6 13. Qb1 b5 14. dxc5 Bxc5
15. e3 Re8 16. h3 h6 17. g4 Bf8 18. Nd4 Nc5 19. Nf5 b4 20. Ne2 Nfe4 21. Neg3
Nxg3 22. Bxg3 g6 23. Bh4 Qb6 24. Nd4 Bg7 25. Ne2 Ne4 26. Rxc8 Rxc8 27. Rc1
Rxc1+ 28. Qxc1 a5 29. Qc2 g5 30. Bg3 Ba6 31. Bc7 Qf6 32. Nd4 Bb7 33. Bxa5 Bf8
34. Bc7 Qa6 35. Qb3 Nd2 36. Qc2 Ne4 37. b3 Bg7 38. Nf5 Bc3 39. Ng3 Qc6 40. Bb8
Qc8 41. Bxe4 dxe4 42. Bd6 Qc6 43. Nf5 Qb5 44. a3 Ba6 45. Bxb4 Qf1+ 46. Kh2 Be5+
47. Ng3 Be2 48. Qc8+ Kh7 49. Qf5+ Kg8 50. Bc3 Bf6 51. Qc8+ Kh7 52. Qf5+ 1/2-1/2

[Event "POL ch 44"]
[Site "Wroclaw"]
[Date "1987.??.??"]
[Round "12"]
[White "Pinkas, Karol"]
[Black "Sygulski, Artur"]
[Result "1-0"]
[WhiteElo "2405"]
[BlackElo "2400"]
[PlyCount "97"]
[EventDate "1987.??.??"]
[Source "Polbase"]
[SourceDate "1999.10.27"]

1. e4 e5 2. Nf3 Nc6 3. Bb5 g6 4. c3 d6 5. d4 Bd7 6. Qb3 Na5 7. Bxd7+ Qxd7 8.
Qd5 Nc6 9. dxe5 dxe5 10. Qb5 O-O-O 11. O-O Qd3 12. Qa4 a6 13. Be3 f5 14. Bg5
Be7 15. Bxe7 Ngxe7 16. Nbd2 Rd7 17. Rfe1 Kb8 18. Nb3 b6 19. Nc5 bxc5 20. Rad1
fxe4 21. Rxd3 exd3 22. Qxa6 Rd5 23. Nd2 Rf8 24. a3 Na7 25. b4 Rd6 26. Qa4 cxb4
27. axb4 Nac8 28. Ra1 c6 29. Nc4 Rd5 30. Ne3 Rd7 31. Qa8+ Kc7 32. Rd1 e4 33.
Qa5+ Kb7 34. b5 Rf6 35. Qa6+ Kb8 36. bxc6 Rxc6 37. Qa5 Nd6 38. Ra1 Rb7 39. Qa8+
Kc7 40. Qf8 Kd7 41. Qg7 Ndf5 42. Nxf5 gxf5 43. g4 Rg6 44. Qd4+ Ke8 45. h3 fxg4
46. Qxe4 gxh3+ 47. Kh2 Rbb6 48. Re1 Rg7 49. Qa8+ 1-0

[Event "POL ch 44"]
[Site "Wroclaw"]
[Date "1987.??.??"]
[Round "12"]
[White "Przewoznik, Jan"]
[Black "Maciejewski, Miroslaw"]
[Result "1-0"]
[WhiteElo "2430"]
[BlackElo "2285"]
[PlyCount "73"]
[EventDate "1987.??.??"]
[Source "Polbase"]
[SourceDate "1999.10.27"]

1. e4 e5 2. Nf3 Nc6 3. Bb5 a6 4. Ba4 Nf6 5. d4 exd4 6. O-O Be7 7. Re1 b5 8. Bb3
d6 9. Bd5 Bd7 10. Nxd4 Nxd5 11. Nxc6 Bxc6 12. exd5 Bb7 13. a4 O-O 14. axb5 axb5
15. Rxa8 Bxa8 16. Qe2 Bf6 17. Qxb5 c6 18. dxc6 Qc8 19. Na3 Bxc6 20. Qb6 Qa8 21.
f3 h5 22. Qf2 h4 23. h3 d5 24. c3 Qa4 25. Nc2 Re8 26. Rxe8+ Bxe8 27. Be3 Qb3
28. Nd4 Qd1+ 29. Kh2 Be5+ 30. f4 Bf6 31. Nf3 Qd3 32. Bd4 Qf5 33. Qe3 Bd7 34.
Bxf6 Qxf6 35. Qe5 Qb6 36. Qxd5 Bc6 37. Qd6 1-0

[Event "POL ch 44"]
[Site "Wroclaw"]
[Date "1987.??.??"]
[Round "12"]
[White "Schmidt, Wlodzimierz"]
[Black "Staniszewski, Piotr"]
[Result "1/2-1/2"]
[WhiteElo "2470"]
[BlackElo "2420"]
[PlyCount "53"]
[EventDate "1987.??.??"]
[Source "Polbase"]
[SourceDate "1999.10.27"]

1. d4 Nf6 2. c4 c5 3. d5 b5 4. cxb5 a6 5. bxa6 Bxa6 6. Nc3 d6 7. Nf3 g6 8. e4
Bxf1 9. Kxf1 Bg7 10. g3 O-O 11. Kg2 Nbd7 12. Re1 Qa5 13. Re2 Rfb8 14. h3 Rb4
15. Rb1 Qa6 16. Bd2 Ne8 17. Be1 Rd4 18. Qc2 Rd3 19. Nd1 c4 20. Ne3 Qxa2 21. Rc1
Rc8 22. b3 Qxb3 23. Qxb3 Rxb3 24. Rxc4 Rxc4 25. Nxc4 Nc5 26. Na5 Rb2 27. Rxb2
1/2-1/2

[Event "POL ch 44"]
[Site "Wroclaw"]
[Date "1987.??.??"]
[Round "12"]
[White "Stempin, Pawel"]
[Black "Adamski, Jan"]
[Result "1/2-1/2"]
[WhiteElo "2415"]
[BlackElo "2420"]
[PlyCount "41"]
[EventDate "1987.??.??"]
[Source "Polbase"]
[SourceDate "1999.10.27"]

1. d4 d5 2. Nf3 Nf6 3. c4 e6 4. Nc3 dxc4 5. e4 Bb4 6. Bg5 c5 7. Bxc4 cxd4 8.
Nxd4 Nbd7 9. O-O Bxc3 10. bxc3 Qa5 11. Bxf6 Nxf6 12. Bb5+ Bd7 13. e5 Bxb5 14.
Nxb5 Qxb5 15. exf6 gxf6 16. Qf3 f5 17. Rfd1 O-O 18. Rab1 Qc6 19. Qg3+ Kh8 20.
Rb4 Rad8 21. Rxd8 1/2-1/2

[Event "POL ch 44"]
[Site "Wroclaw"]
[Date "1987.??.??"]
[Round "12"]
[White "Sznapik, Aleksander"]
[Black "Juroszek, Tadeusz"]
[Result "1-0"]
[WhiteElo "2425"]
[BlackElo "2320"]
[PlyCount "99"]
[EventDate "1987.??.??"]
[Source "Polbase"]
[SourceDate "1999.10.27"]

1. e4 e5 2. Nf3 Nc6 3. Bb5 a6 4. Ba4 d6 5. c4 Bg4 6. h3 Bxf3 7. Qxf3 Nf6 8. Nc3
Nd7 9. O-O Be7 10. d3 Nc5 11. Qd1 O-O 12. Be3 Ne6 13. Bxc6 bxc6 14. Qa4 c5 15.
a3 a5 16. Nd5 Bg5 17. Qc6 Bxe3 18. fxe3 Qe8 19. b4 Qxc6 20. Ne7+ Kh8 21. Nxc6
axb4 22. axb4 cxb4 23. Nxb4 f6 24. Rfb1 h6 25. Nd5 Rfb8 26. h4 h5 27. Kf2 Kh7
28. Kf3 Rxa1 29. Rxb8 Ra2 30. Rc8 Rd2 31. g4 hxg4+ 32. Kxg4 Rg2+ 33. Kf5 Nc5
34. Rxc7 Rf2+ 35. Kg4 Nxd3 36. Kg3 Rf1 37. Ne7 Rg1+ 38. Kf3 Nc5 39. Nf5 Rf1+
40. Ke2 Rh1 41. Nxd6 Rh2+ 42. Kf3 Nd3 43. Nf5 Ne1+ 44. Kg3 Rg2+ 45. Kh3 Kh8 46.
c5 g6 47. Ng3 Rc2 48. h5 g5 49. Kg4 Rf2 50. h6 1-0

[Event "POL ch 44"]
[Site "Wroclaw"]
[Date "1987.??.??"]
[Round "13"]
[White "Adamski, Jan"]
[Black "Bany, Jerzy"]
[Result "1/2-1/2"]
[WhiteElo "2420"]
[BlackElo "2430"]
[PlyCount "25"]
[EventDate "1987.??.??"]
[Source "Polbase"]
[SourceDate "1999.10.27"]

1. Nf3 d5 2. c4 c6 3. e3 e6 4. d4 f5 5. Bd3 Nf6 6. O-O Bd6 7. b3 Qe7 8. a4 O-O
9. Ba3 Bxa3 10. Nxa3 a5 11. Nc2 Bd7 12. Ne5 Be8 13. cxd5 1/2-1/2

[Event "POL ch 44"]
[Site "Wroclaw"]
[Date "1987.??.??"]
[Round "13"]
[White "Hawelko, Marek"]
[Black "Sznapik, Aleksander"]
[Result "1-0"]
[WhiteElo "2460"]
[BlackElo "2425"]
[PlyCount "71"]
[EventDate "1987.??.??"]
[Source "Polbase"]
[SourceDate "1999.10.27"]

1. e4 c6 2. d4 d5 3. Nd2 dxe4 4. Nxe4 Nd7 5. Bc4 Ngf6 6. Ng5 e6 7. Qe2 Nb6 8.
Bb3 h6 9. N5f3 c5 10. Be3 Qc7 11. Ne5 a6 12. Ngf3 Nbd5 13. O-O Be7 14. Rad1 O-O
15. Bc1 b5 16. dxc5 Bxc5 17. c3 Bb7 18. Bc2 Rad8 19. Rfe1 Rfe8 20. h3 Bf8 21.
a4 Qb6 22. axb5 axb5 23. Nd4 Nc7 24. Qd3 Bc5 25. Qg3 Kf8 26. Nxf7 Kxf7 27. Bxh6
Bf8 28. Re5 Ncd5 29. Qg6+ Kg8 30. Rde1 Ne7 31. Qg3 Nf5 32. Nxf5 exf5 33. Bb3+
Kh7 34. Be3 Ne4 35. Qh4+ Qh6 36. Bxh6 1-0

[Event "POL ch 44"]
[Site "Wroclaw"]
[Date "1987.??.??"]
[Round "13"]
[White "Juroszek, Tadeusz"]
[Black "Pinkas, Karol"]
[Result "0-1"]
[WhiteElo "2320"]
[BlackElo "2405"]
[PlyCount "48"]
[EventDate "1987.??.??"]
[Source "Polbase"]
[SourceDate "1999.10.27"]

1. e4 e6 2. Nc3 d5 3. d4 Bb4 4. Nge2 Nf6 5. e5 Nfd7 6. Qd3 O-O 7. Qg3 f6 8. Bh6
Rf7 9. O-O-O Kh8 10. Bf4 fxe5 11. dxe5 Nc6 12. Nxd5 exd5 13. e6 Rxf4 14. exd7
Rf5 15. dxc8=Q Rxc8 16. f3 Qe7 17. Qh3 Rcf8 18. Kb1 g6 19. Qg4 Ne5 20. Qh3 Rh5
21. Qg3 Nc4 22. Nc1 Nxb2 23. Kxb2 Ba3+ 24. Kc3 Qb4+ 0-1

[Event "POL ch 44"]
[Site "Wroclaw"]
[Date "1987.??.??"]
[Round "13"]
[White "Kuczynski, Robert"]
[Black "Schmidt, Wlodzimierz"]
[Result "1/2-1/2"]
[WhiteElo "2450"]
[BlackElo "2470"]
[PlyCount "162"]
[EventDate "1987.??.??"]
[Source "Polbase"]
[SourceDate "1999.10.27"]

1. e4 e6 2. d4 d5 3. Nc3 Nf6 4. e5 Nfd7 5. f4 c5 6. Nf3 Nc6 7. Be3 cxd4 8. Nxd4
Qb6 9. Qd2 Qxb2 10. Rb1 Qa3 11. Bb5 Nxd4 12. Bxd4 Bb4 13. O-O a6 14. Rb3 Qa5
15. Rfb1 Qxb5 16. Nxb5 Bxd2 17. Nc7+ Ke7 18. Nxa8 Bxf4 19. Rc3 f6 20. Rc7 fxe5
21. Bc5+ Kf6 22. g3 Bd2 23. Bb6 e4 24. Kf2 Ke5 25. Ke2 Bg5 26. Rb3 Nf6 27. Rxg7
Bh6 28. Bc7+ Kf5 29. Rf7 Kg6 30. Rxf6+ Kxf6 31. Nb6 d4 32. Nc4 Ke7 33. Bd6+ Kd7
34. Be5 Rf8 35. Nb6+ Kc6 36. Bxd4 e5 37. Rc3+ Kb5 38. Rb3+ Kc6 39. Rc3+ Kb5 40.
Rc5+ Kb4 41. Rc4+ Kb5 42. a4+ Ka5 43. Bc5 Bg4+ 44. Ke1 Rd8 45. Rxe4 Rd1+ 46.
Kf2 Rd2+ 47. Kg1 Rd1+ 48. Kg2 Bd7 49. Nxd7 Rxd7 50. Bb4+ Kb6 51. Rxe5 Bd2 52.
c3 Kc6 53. a5 h6 54. Kf3 Rf7+ 55. Ke2 Bg5 56. h4 Bf6 57. Rc5+ Kd7 58. Rd5+ Ke6
59. Rd6+ Kf5 60. Kf3 h5 61. Rd5+ Be5 62. c4 Ke6+ 63. Kg2 Rf5 64. Rc5 Bd4 65.
Rc7 Rf2+ 66. Kh3 Rc2 67. Rh7 Rxc4 68. Bf8 Rc8 69. Bb4 Rc4 70. Rxb7 Be5 71. Kg2
Kf5 72. Kf3 Bc3 73. Bf8 Be5 74. Bb4 Bc3 75. Bf8 Be5 76. Rf7+ Kg6 77. Ra7 Rc3+
78. Ke4 Bxg3 79. Rxa6+ Kf7 80. Bd6 Bxh4 81. Be5 Ra3 1/2-1/2

[Event "POL ch 44"]
[Site "Wroclaw"]
[Date "1987.??.??"]
[Round "13"]
[White "Matlak, Marek"]
[Black "Skrobek, Ryszard"]
[Result "0-1"]
[WhiteElo "2390"]
[BlackElo "2410"]
[PlyCount "77"]
[EventDate "1987.??.??"]
[Source "Polbase"]
[SourceDate "1999.10.27"]

1. Nf3 c5 2. c4 Nf6 3. d4 cxd4 4. Nxd4 e5 5. Nb5 d5 6. cxd5 Bc5 7. e3 O-O 8.
N5c3 e4 9. a3 a5 10. Nd2 Qe7 11. d6 Bxd6 12. Ndxe4 Nxe4 13. Nxe4 Rd8 14. Qc2
Nc6 15. f3 Bf5 16. Bd3 Rac8 17. Qe2 Ne5 18. Bc2 Qc7 19. Nxd6 Bxc2 20. Nxc8 Nd3+
21. Kf1 Nf4 22. Qe1 Qc4+ 23. Kg1 Rd1 24. Bd2 Rxe1+ 25. Bxe1 Nd3 26. Nd6 Qe6 27.
Ne4 f5 28. Nf2 Qxe3 29. Kf1 Nf4 30. g3 Bd3+ 31. Kg1 Ne2+ 32. Kg2 Nd4 33. h4
Qxf3+ 34. Kh2 Qe2 35. Kh3 Bb5 36. Rd1 Nf3 37. g4 f4 38. Rd8+ Kf7 39. Rd5 0-1

[Event "POL ch 44"]
[Site "Wroclaw"]
[Date "1987.??.??"]
[Round "13"]
[White "Panczyk, Krzysztof"]
[Black "Kuligowski, Adam"]
[Result "1-0"]
[WhiteElo "2410"]
[BlackElo "2400"]
[PlyCount "85"]
[EventDate "1987.??.??"]
[Source "Polbase"]
[SourceDate "1999.10.27"]

1. d4 Nf6 2. c4 c5 3. d5 b5 4. Nf3 g6 5. cxb5 a6 6. bxa6 Bxa6 7. Nc3 d6 8. Nd2
Nbd7 9. e4 Bxf1 10. Nxf1 Qa5 11. Nd2 Nb6 12. O-O Bg7 13. e5 dxe5 14. d6 e6 15.
Nb3 Qb4 16. Be3 Nbd7 17. a3 Qc4 18. Nd2 Qh4 19. h3 O-O 20. Qf3 e4 21. Ndxe4
Nxe4 22. Nxe4 Ne5 23. Qf4 Qxf4 24. Bxf4 Nd3 25. Bg5 f6 26. Be3 Ra5 27. Nxc5
Rxc5 28. Bxc5 Nxc5 29. Rac1 Nb3 30. Rc7 Rd8 31. Rd1 e5 32. Rd5 Bf8 33. d7 Kf7
34. Rc8 Be7 35. Rb5 Nd4 36. Rb7 Ke6 37. Rxd8 Bxd8 38. b4 e4 39. a4 f5 40. a5 f4
41. Rb8 Kxd7 42. a6 e3 43. fxe3 1-0

[Event "POL ch 44"]
[Site "Wroclaw"]
[Date "1987.??.??"]
[Round "13"]
[White "Staniszewski, Piotr"]
[Black "Dejkalo, Stefan"]
[Result "0-1"]
[WhiteElo "2420"]
[BlackElo "2395"]
[PlyCount "66"]
[EventDate "1987.??.??"]
[Source "Polbase"]
[SourceDate "1999.10.27"]

1. d4 f5 2. Nf3 Nf6 3. g3 e6 4. Bg2 d5 5. c4 c6 6. O-O Bd6 7. b3 Qe7 8. a4 O-O
9. Ba3 Bxa3 10. Nxa3 a5 11. Nc2 b6 12. Nce1 Bb7 13. Nd3 Na6 14. Nfe5 Rfd8 15.
Qc2 c5 16. cxd5 exd5 17. Qb2 Rac8 18. Rac1 Ne4 19. Rfd1 Rc7 20. e3 Rdc8 21. Nf4
Nb4 22. Ne2 Ba6 23. dxc5 Bxe2 24. cxb6 Rxc1 25. Rxc1 Rxc1+ 26. Qxc1 Qxe5 27. b7
Na6 28. f3 Qc3 29. Qxc3 Nxc3 30. Bf1 Bxf1 31. Kxf1 Kf7 32. Ke1 Ke6 33. Kd2 Na2
0-1

[Event "POL ch 44"]
[Site "Wroclaw"]
[Date "1987.??.??"]
[Round "13"]
[White "Sygulski, Artur"]
[Black "Przewoznik, Jan"]
[Result "1/2-1/2"]
[WhiteElo "2400"]
[BlackElo "2430"]
[PlyCount "22"]
[EventDate "1987.??.??"]
[Source "Polbase"]
[SourceDate "1999.10.27"]

1. c4 Nf6 2. Nf3 e6 3. d4 Bb4+ 4. Bd2 Qe7 5. Nc3 Bxc3 6. Bxc3 Ne4 7. Qc2 Nxc3
8. Qxc3 d5 9. e3 O-O 10. Be2 c6 11. O-O Nd7 1/2-1/2

[Event "POL ch 44"]
[Site "Wroclaw"]
[Date "1987.??.??"]
[Round "13"]
[White "Tomaszewski, Roman"]
[Black "Stempin, Pawel"]
[Result "1/2-1/2"]
[WhiteElo "2380"]
[BlackElo "2415"]
[PlyCount "155"]
[EventDate "1987.??.??"]
[Source "Polbase"]
[SourceDate "1999.10.27"]

1. Nf3 c5 2. c4 Nf6 3. Nc3 e6 4. g3 b6 5. e4 Bb7 6. Qe2 Nc6 7. Bg2 d6 8. O-O
Be7 9. Rd1 Nd4 10. Nxd4 cxd4 11. Nb5 e5 12. Nxd4 exd4 13. e5 Bxg2 14. exf6 Bb7
15. Qxe7+ Qxe7 16. fxe7 Kxe7 17. b3 f6 18. d3 Bf3 19. Re1+ Kd7 20. Bb2 Rhe8 21.
Kf1 Rxe1+ 22. Rxe1 Re8 23. Rxe8 Kxe8 24. Bxd4 Kd7 25. b4 Kc7 26. Ke1 a6 27. Kd2
b5 28. Ke3 Bg2 29. Bc3 Bf1 30. Kd4 Kc6 31. Bd2 Be2 32. a3 Bf1 33. Bc1 Be2 34.
Bb2 Bf1 35. Ba1 Be2 36. Ke3 Bf1 37. Kd4 Be2 38. Bb2 Bf1 39. Bc1 Be2 40. Bf4 Bf1
41. c5 dxc5+ 42. bxc5 Bg2 43. Bd6 Kd7 44. Bf8 g6 45. Bg7 Ke6 46. Kc3 a5 47. Kd4
Bc6 48. Bh6 g5 49. Bf8 h5 50. h4 gxh4 51. gxh4 Kd7 52. Bh6 Ke6 53. Bd2 a4 54.
Ba5 Kd7 55. Bd2 Bg2 56. Bh6 Ke6 57. Bg7 Bc6 58. Kc3 f5 59. Bh6 Kd5 60. Be3 Be8
61. Kb4 Kc6 62. Bf4 Bd7 63. Bd6 Kd5 64. f3 Be8 65. Kc3 Bc6 66. d4 Be8 67. Kd3
Bf7 68. Bf4 Be8 69. Bc1 Bc6 70. Bb2 f4 71. Bc1 Ke6 72. Kc3 Bxf3 73. Kb4 Bc6 74.
Bxf4 Kd5 75. Be5 Be8 76. Ka5 Bc6 77. Kb4 Be8 78. Bf6 1/2-1/2

[Event "POL ch 44"]
[Site "Wroclaw"]
[Date "1987.??.??"]
[Round "14"]
[White "Bany, Jerzy"]
[Black "Tomaszewski, Roman"]
[Result "1/2-1/2"]
[WhiteElo "2430"]
[BlackElo "2380"]
[PlyCount "34"]
[EventDate "1987.??.??"]
[Source "Polbase"]
[SourceDate "1999.10.27"]

1. d4 Nf6 2. c4 e6 3. Nf3 Bb4+ 4. Bd2 Qe7 5. g3 O-O 6. Nc3 Bxc3 7. Bxc3 Ne4 8.
Rc1 d6 9. Bg2 Nd7 10. O-O Nxc3 11. Rxc3 e5 12. e4 Nf6 13. Ne1 Re8 14. d5 a5 15.
Nd3 Nd7 16. Qd2 Nc5 17. b3 Bd7 1/2-1/2

[Event "POL ch 44"]
[Site "Wroclaw"]
[Date "1987.??.??"]
[Round "14"]
[White "Pinkas, Karol"]
[Black "Hawelko, Marek"]
[Result "1-0"]
[WhiteElo "2405"]
[BlackElo "2460"]
[PlyCount "71"]
[EventDate "1987.??.??"]
[Source "Polbase"]
[SourceDate "1999.10.27"]

1. e4 c5 2. Nf3 e6 3. d4 cxd4 4. Nxd4 a6 5. Nc3 Qc7 6. Be2 b5 7. O-O Bb7 8. Re1
d6 9. Bg5 Nd7 10. Bg4 Ne5 11. Bh3 b4 12. Na4 Be7 13. Bxe7 Qxe7 14. f4 Ng6 15.
Nf5 exf5 16. exf5 Be4 17. fxg6 hxg6 18. Nb6 Nf6 19. Nxa8 Qa7+ 20. Kf1 d5 21. c3
bxc3 22. Qa4+ Kf8 23. Qb4+ Kg8 24. Qxc3 Qxa8 25. Rac1 Kh7 26. Qg3 Rb8 27. Rc7
Kg8 28. Rec1 Bf5 29. Bxf5 gxf5 30. Qg5 Rd8 31. Qxf5 Qb8 32. Rc8 Qb5+ 33. Kg1
Rxc8 34. Rxc8+ Ne8 35. Qe5 Kf8 36. Qd6+ 1-0

[Event "POL ch 44"]
[Site "Wroclaw"]
[Date "1987.??.??"]
[Round "14"]
[White "Przewoznik, Jan"]
[Black "Juroszek, Tadeusz"]
[Result "1-0"]
[WhiteElo "2430"]
[BlackElo "2320"]
[PlyCount "97"]
[EventDate "1987.??.??"]
[Source "Polbase"]
[SourceDate "1999.10.27"]

1. e4 e5 2. Nf3 Nc6 3. Bb5 a6 4. Ba4 d6 5. Bxc6+ bxc6 6. d4 Bg4 7. dxe5 dxe5 8.
Qxd8+ Rxd8 9. Nbd2 f6 10. Nb3 Bd6 11. Be3 Rb8 12. Nfd2 Ne7 13. f3 Be6 14. O-O-O
Kf7 15. c4 Bb4 16. a3 Bxd2+ 17. Nxd2 Ng6 18. Kc2 Rb7 19. b3 Rhb8 20. Rb1 a5 21.
Kc3 Nf4 22. Bxf4 exf4 23. Rhd1 c5 24. Nf1 g5 25. Rd3 h5 26. Nd2 h4 27. h3 Ke7
28. Rb2 Rb6 29. Nb1 Kf7 30. Rdd2 Ke7 31. a4 Rd6 32. Na3 Rbd8 33. Nb5 Rxd2 34.
Rxd2 Rxd2 35. Kxd2 Kd7 36. Nc3 Kd6 37. e5+ Kxe5 38. Ne4 g4 39. hxg4 Bxg4 40.
Nxc5 h3 41. Nd3+ Kd4 42. gxh3 Bxf3 43. Nxf4 Ke5 44. Nd3+ Kd4 45. h4 c6 46. Nf4
Ke4 47. Ne6 Bg4 48. Nc5+ Kf3 49. b4 1-0

[Event "POL ch 44"]
[Site "Wroclaw"]
[Date "1987.??.??"]
[Round "14"]
[White "Schmidt, Wlodzimierz"]
[Black "Panczyk, Krzysztof"]
[Result "1/2-1/2"]
[WhiteElo "2470"]
[BlackElo "2410"]
[PlyCount "85"]
[EventDate "1987.??.??"]
[Source "Polbase"]
[SourceDate "1999.10.27"]

1. d4 Nf6 2. c4 e6 3. Nc3 c5 4. d5 exd5 5. cxd5 d6 6. Nf3 g6 7. Nd2 Bg7 8. e4
O-O 9. Be2 Na6 10. O-O Nc7 11. a4 b6 12. Nc4 Ba6 13. Bg5 Bxc4 14. Bxc4 a6 15.
Re1 Qd7 16. Bf1 h6 17. Bd2 b5 18. Rb1 b4 19. Na2 Rae8 20. f3 Nh5 21. g4 Nf6 22.
Kh1 h5 23. g5 Nh7 24. Nc1 Qe7 25. f4 f6 26. gxf6 Nxf6 27. Qf3 Nxe4 28. Qg2 Bd4
29. Qxg6+ Qg7 30. Qxg7+ Kxg7 31. Nb3 Nxd2 32. Nxd2 Rxe1 33. Rxe1 Bxb2 34. Nc4
Bc3 35. Re7+ Rf7 36. Rxf7+ Kxf7 37. Nxd6+ Ke7 38. Ne4 Nxd5 39. Nxc5 a5 40. Nb3
Nb6 41. Bb5 Nd5 42. Nxa5 Nxf4 43. Nb3 1/2-1/2

[Event "POL ch 44"]
[Site "Wroclaw"]
[Date "1987.??.??"]
[Round "14"]
[White "Skrobek, Ryszard"]
[Black "Adamski, Jan"]
[Result "1/2-1/2"]
[WhiteElo "2410"]
[BlackElo "2420"]
[PlyCount "49"]
[EventDate "1987.??.??"]
[Source "Polbase"]
[SourceDate "1999.10.27"]

1. e4 c5 2. Nf3 e6 3. d4 cxd4 4. Nxd4 a6 5. Be3 Nf6 6. Nd2 d6 7. f4 Nbd7 8. Qf3
e5 9. Nf5 g6 10. Ng3 exf4 11. Qxf4 Ne5 12. Nc4 Nfg4 13. Bb6 Qe7 14. Qd2 Be6 15.
Qb4 Bxc4 16. Bxc4 Nxc4 17. Qxc4 Bg7 18. Qa4+ Qd7 19. Qxd7+ Kxd7 20. O-O-O Rac8
21. h3 Rc6 22. Bd4 Bxd4 23. Rxd4 Ne5 24. Rhd1 Rhc8 25. c3 1/2-1/2

[Event "POL ch 44"]
[Site "Wroclaw"]
[Date "1987.??.??"]
[Round "14"]
[White "Sznapik, Aleksander"]
[Black "Staniszewski, Piotr"]
[Result "1/2-1/2"]
[WhiteElo "2425"]
[BlackElo "2420"]
[PlyCount "120"]
[EventDate "1987.??.??"]
[Source "Polbase"]
[SourceDate "1999.10.27"]

1. e4 c5 2. Nf3 d6 3. d4 cxd4 4. Nxd4 Nf6 5. Nc3 a6 6. Be2 e5 7. Nb3 Be7 8. O-O
O-O 9. Be3 Be6 10. Qd2 a5 11. a3 Nc6 12. Rfd1 a4 13. Nc1 Qa5 14. f3 Rfd8 15. b4
axb3 16. Nxb3 Bxb3 17. cxb3 d5 18. exd5 Nd4 19. b4 Qc7 20. Bxd4 exd4 21. Nb5
Qd7 22. d6 Bxd6 23. Qxd4 Qe7 24. Nxd6 Qxe2 25. Qf2 Qe7 26. Nc4 Nd5 27. Re1 Qf6
28. Rad1 h5 29. Qd4 Qxd4+ 30. Rxd4 b5 31. Rxd5 Rxd5 32. Nb6 Rad8 33. Nxd5 Rxd5
34. Kf2 Rd3 35. Re3 Rd2+ 36. Kg3 g6 37. h4 Ra2 38. Kh3 Kg7 39. g4 hxg4+ 40.
fxg4 Rc2 41. Kg3 Rc4 42. Re5 Rc3+ 43. Kf4 Rxa3 44. Rxb5 Rh3 45. h5 gxh5 46.
gxh5 Rh1 47. Ke3 Rh4 48. Kd3 f5 49. Rb7+ Kh6 50. Rb8 Kg5 51. Rg8+ Kf6 52. b5
Rxh5 53. b6 Rh7 54. Kd4 f4 55. Rf8+ Kg5 56. Ke5 Rb7 57. Rf5+ Kg6 58. Rf6+ Kg5
59. Rf5+ Kg6 60. Rf6+ Kg5 1/2-1/2

[Event "POL ch 44"]
[Site "Wroclaw"]
[Date "1987.??.??"]
[Round "15"]
[White "Adamski, Jan"]
[Black "Kuligowski, Adam"]
[Result "1/2-1/2"]
[WhiteElo "2420"]
[BlackElo "2400"]
[PlyCount "33"]
[EventDate "1987.??.??"]
[Source "Polbase"]
[SourceDate "1999.10.27"]

1. Nf3 c5 2. c4 Nf6 3. d4 cxd4 4. Nxd4 a6 5. Nc3 d5 6. Nb3 e6 7. cxd5 exd5 8.
g3 Bb4 9. Bg2 O-O 10. O-O Bxc3 11. bxc3 Qc7 12. Bg5 Nbd7 13. Qd3 Re8 14. Rfc1
Ne5 15. Qd4 Nc6 16. Qd3 Ne5 17. Qd4 1/2-1/2

[Event "POL ch 44"]
[Site "Wroclaw"]
[Date "1987.??.??"]
[Round "15"]
[White "Hawelko, Marek"]
[Black "Przewoznik, Jan"]
[Result "0-1"]
[WhiteElo "2460"]
[BlackElo "2430"]
[PlyCount "100"]
[EventDate "1987.??.??"]
[Source "Polbase"]
[SourceDate "1999.10.27"]

1. e4 d5 2. exd5 Qxd5 3. Nc3 Qa5 4. d4 Nf6 5. Nf3 Bf5 6. Bd2 c6 7. Bc4 e6 8.
Nd5 Qd8 9. Nxf6+ gxf6 10. Bf4 Bd6 11. Bg3 Qc7 12. Qe2 Bg4 13. O-O-O Nd7 14. d5
Bxf3 15. gxf3 cxd5 16. Bxd5 Bf4+ 17. Kb1 O-O-O 18. Bxb7+ Qxb7 19. Bxf4 Nb6 20.
Qe4 Rd5 21. Rxd5 Nxd5 22. Bd2 Rd8 23. b3 f5 24. Qe5 Qc6 25. Rg1 Kb7 26. Rg7 Rd7
27. Rxh7 Rc7 28. c4 Nb6 29. Qe2 Rd7 30. h4 Qd6 31. Bc3 a6 32. Rh8 Qh2 33. Kb2
Qg1 34. Qe1 Qg2 35. Qe2 Qg1 36. Qe1 Qg2 37. Qe5 Qxf2+ 38. Ka3 Qc2 39. Qb8+ Kc6
40. Qe5 Rd3 41. Kb4 Qxc3+ 42. Qxc3 a5+ 43. Kxa5 Rxc3 44. Kb4 Rxf3 45. h5 Rh3
46. a4 f4 47. Rf8 f5 48. a5 f3 49. Re8 f2 50. Rxe6+ Kd7 0-1

[Event "POL ch 44"]
[Site "Wroclaw"]
[Date "1987.??.??"]
[Round "15"]
[White "Juroszek, Tadeusz"]
[Black "Maciejewski, Miroslaw"]
[Result "1/2-1/2"]
[WhiteElo "2320"]
[BlackElo "2285"]
[PlyCount "22"]
[EventDate "1987.??.??"]
[Source "Polbase"]
[SourceDate "1999.10.27"]

1. e4 e5 2. Nf3 Nf6 3. Nxe5 d6 4. Nf3 Nxe4 5. Qe2 Qe7 6. d3 Nf6 7. Bg5 Qxe2+ 8.
Bxe2 Be7 9. Nc3 c6 10. h3 Na6 11. O-O-O Nc7 1/2-1/2